| 000 | 00767nam a22002297a 4500 | ||
|---|---|---|---|
| 999 |
_c15359 _d15359 |
||
| 003 | AR-CdUCM | ||
| 008 | 190327b ||||| |||| 00| 0 spa d | ||
| 020 | _a84-9825-169-9 | ||
| 040 |
_aMUNICIPALIDAD PROVINCIAL DEL CUSCO _cBIBLIOTECA MUNICIPAL DEL CUSCO |
||
| 082 |
_aPI / 808.8 / _bAL35 |
||
| 100 |
_aAlcántara, Ricardo _933873 |
||
| 245 |
_aEl tío Paco : _bY el jersey verde / |
||
| 260 |
_aChina : _bCombel, _c2006. |
||
| 300 |
_bilustraciones a color _c20 cm. _a16 páginas ; |
||
| 440 |
_aCon textura de terciopelo. _934403 |
||
| 500 | _aNo cuenta con numeración impresa. | ||
| 650 |
_aLibro infantil. _924758 |
||
| 650 |
_aLibro animado. _924829 |
||
| 700 |
_aSerrano, Lucía (Ilustraciones) _924830 |
||
| 942 |
_2ddc _cLIBROS |
||
| 945 |
_arum _d2019-04-26 |
||